The dry side of the Indus : (Record no. 588345)

000 -LEADER
fixed length control field 01534cam a2200421 i 4500
001 - CONTROL NUMBER
control field 18761401
003 - CONTROL NUMBER IDENTIFIER
control field NUST
005 - DATE AND TIME OF LATEST TRANSACTION
control field 20220228122930.0
008 - FIXED-LENGTH DATA ELEMENTS--GENERAL INFORMATION
fixed length control field 150827s2014 pk a b 000 0 eng
010 ## - LIBRARY OF CONGRESS CONTROL NUMBER
LC control number 2015327439
020 ## - INTERNATIONAL STANDARD BOOK NUMBER
International Standard Book Number 9789694025711
038 ## - RECORD CONTENT LICENSOR
Staff Name waseem
040 ## - CATALOGING SOURCE
Original cataloging agency DLC
Language of cataloging eng
Transcribing agency DLC
Description conventions rda
042 ## - AUTHENTICATION CODE
Authentication code lcode
-- pcc
043 ## - GEOGRAPHIC AREA CODE
Geographic area code a-pk---
050 00 - LIBRARY OF CONGRESS CALL NUMBER
Classification number S616.P34
Item number K433 2014
082 ## - DEWEY DECIMAL CLASSIFICATION NUMBER
Classification number 333.913095491
Author Mark KHA
100 1# - MAIN ENTRY--PERSONAL NAME
Personal name Khan, Rina Saeed,
Relator term author.
9 (RLIN) 89777
245 14 - TITLE STATEMENT
Title The dry side of the Indus :
Remainder of title exploring spate irrigation in Pakistan /
Statement of responsibility, etc. Rina Saeed Khan, Karim Nawaz, Frank van Steenbergen, Arjumand Nizami, Shahid Ahmad.
264 #1 - PRODUCTION, PUBLICATION, DISTRIBUTION, MANUFACTURE, AND COPYRIGHT NOTICE
Place of production, publication, distribution, manufacture Lahore :
Name of producer, publisher, distributor, manufacturer Vanguard Books,
Date of production, publication, distribution, manufacture, or copyright notice 2014.
300 ## - PHYSICAL DESCRIPTION
Extent xiii, 136 pages :
Other physical details illustrations ;
Dimensions 25 cm
336 ## - CONTENT TYPE
Content type term text
Content type code txt
Source rdacontent
337 ## - MEDIA TYPE
Media type term unmediated
Media type code n
Source rdamedia
338 ## - CARRIER TYPE
Carrier type term volume
Carrier type code nc
Source rdacarrier
504 ## - BIBLIOGRAPHY, ETC. NOTE
Bibliography, etc. note Includes bibliographical references.
563 ## - BINDING INFORMATION
Binding note HBK.
650 #0 - SUBJECT ADDED ENTRY--TOPICAL TERM
Topical term or geographic name entry element Irrigation farming
Geographic subdivision Pakistan.
9 (RLIN) 89778
650 #0 - SUBJECT ADDED ENTRY--TOPICAL TERM
Topical term or geographic name entry element Irrigation
Geographic subdivision Pakistan.
9 (RLIN) 89779
650 #0 - SUBJECT ADDED ENTRY--TOPICAL TERM
Topical term or geographic name entry element Arid regions agriculture
Geographic subdivision Pakistan.
9 (RLIN) 89780
650 #0 - SUBJECT ADDED ENTRY--TOPICAL TERM
Topical term or geographic name entry element Floodplain agriculture
Geographic subdivision Pakistan.
9 (RLIN) 89781
700 1# - ADDED ENTRY--PERSONAL NAME
Personal name Nawaz, Karim,
Relator term author.
9 (RLIN) 89782
700 1# - ADDED ENTRY--PERSONAL NAME
Personal name Steenbergen, Frank van,
Relator term author.
9 (RLIN) 89783
700 1# - ADDED ENTRY--PERSONAL NAME
Personal name Nizami, Arjumand,
Relator term author.
9 (RLIN) 89784
700 1# - ADDED ENTRY--PERSONAL NAME
Personal name Ahmad, Shahid
Titles and other words associated with a name (Researcher on water management),
Relator term author.
9 (RLIN) 89785
906 ## - LOCAL DATA ELEMENT F, LDF (RLIN)
a 7
b cbc
c origode
d 3
e ncip
f 20
g y-nonroman
942 ## - ADDED ENTRY ELEMENTS (KOHA)
Source of classification or shelving scheme
Koha item type Book
Holdings
Withdrawn status Lost status Source of classification or shelving scheme Damaged status Not for loan Permanent Location Current Location Shelving location Date acquired Source of acquisition Total Checkouts Full call number Barcode Date last seen Price effective from Koha item type
          Central Library (CL) Central Library (CL) Economics 02/28/2022 Vanguard Books   333.913095491 KHA CL-1058 02/28/2022 02/28/2022 Book
© 2023 Central Library, National University of Sciences and Technology. All Rights Reserved.